The Old and the New Testament of the Holy Bible : (Record no. 6913)
[ view plain ]
| 000 -LEADER | |
|---|---|
| fixed length control field | 00604nam a22001697a 4500 |
| 003 - CONTROL NUMBER IDENTIFIER | |
| control field | GBCCL |
| 005 - DATE AND TIME OF LATEST TRANSACTION | |
| control field | 20251127133052.0 |
| 008 - FIXED-LENGTH DATA ELEMENTS--GENERAL INFORMATION | |
| fixed length control field | 180703b ||||| |||| 00| 0 eng d |
| 040 ## - CATALOGING SOURCE | |
| Transcribing agency | GBC |
| 082 ## - DEWEY DECIMAL CLASSIFICATION NUMBER | |
| Classification number | 220.52042 |
| Item number | BIB |
| 245 ## - TITLE STATEMENT | |
| Title | The Old and the New Testament of the Holy Bible : |
| Remainder of title | translated from the original tongues being the version set forth A.D. 1611. compared with the most ancient authorities and revised A.D. 1952 |
| 250 ## - EDITION STATEMENT | |
| Edition statement | Revised Standard Version |
| 260 ## - PUBLICATION, DISTRIBUTION, ETC. | |
| Place of publication, distribution, etc. | Toronto: |
| Name of publisher, distributor, etc. | Thomas Nelson & Sons, |
| Date of publication, distribution, etc. | 1952 |
| 300 ## - PHYSICAL DESCRIPTION | |
| Extent | 839 + 238p. |
| Dimensions | 16cm |
| 650 ## - SUBJECT ADDED ENTRY--TOPICAL TERM | |
| Topical term or geographic name entry element | Bible |
| Form subdivision | English |
| 9 (RLIN) | 12281 |
| 942 ## - ADDED ENTRY ELEMENTS (KOHA) | |
| Source of classification or shelving scheme | Dewey Decimal Classification |
| Koha item type | Reference Books |
| Withdrawn status | Lost status | Source of classification or shelving scheme | Damaged status | Not for loan | Home library | Current Library | Shelving location | Date acquired | Total checkouts | Full call number | Barcode | Date last seen | Copy number | Price effective from | Koha item type |
|---|---|---|---|---|---|---|---|---|---|---|---|---|---|---|---|
| Dewey Decimal Classification | GRACE BIBLE COLLEGE | GRACE BIBLE COLLEGE | Bible | 2018-07-03 | 220.52042 BIB | 005111 | 2025-05-01 | c.1 | 2018-07-03 | Reference Books | |||||
| Dewey Decimal Classification | GRACE BIBLE COLLEGE | GRACE BIBLE COLLEGE | Bible | 2025-11-27 | 220.52042 BIB | 010472 | 2025-11-27 | c.2 | 2025-11-27 | Reference Books |